[Event "22nd Alekhine Master 2018"]
[Site "Voronezh"]
[Date "2018.06.13"]
[Round "2"]
[White "Maghsoodloo, Parham"]
[Black "Gukesh D"]
[Result "1/2-1/2"]
[WhiteElo "2638"]
[BlackElo "2431"]
[Annotator "TA"]
[PlyCount "43"]
[EventDate "2018.06.21"]
[EventType "swiss"]
[EventCountry "RUS"]
[SourceTitle "playchess.com"]
[Source "ChessBase"]
[SourceQuality "1"]

{[%evp 18,43,0,0,32,17,52,56,58,48,60,37,50,0,0,0,0,0,143,29,25,0,131,0,26,0,135,0]} 1. Nf3 Nf6 2. g3 d5 3. Bg2 c5 4. O-O Nc6 5. d3 e5 6. Nbd2 Be7 7. e4 d4 8. Nc4 Qc7 9. a4 O-O 10. Nh4 {LiveBook: 5 Games. A08: King's Indian Attack} g6 (10... Ne8 11. Nf5 Be6 12. b3 Nd6 13. f4 Nxf5 14. exf5 Bxf5 15. fxe5 Be6 16. Bf4 Qd7 17. Qd2 Bd5 {½-½ (32) Ni,H (2681)-Zvjaginsev,V (2658) Taiyuan 2007}) 11. f4 exf4 12. Bxf4 {White is slightly better.} Qd8 13. Nf3 $146 ({Predecessor:} 13. e5 Nh5 14. Bh6 Ng7 15. Nf3 Be6 16. Qd2 Re8 17. Ng5 Bxc4 18. dxc4 Nxe5 {½-½ (49) Sklyarov,D (2426)-Tuominen,R (2303) Finland 2015}) 13... Be6 14. b3 Ng4 15. Qd2 Bxc4 16. bxc4 Bd6 17. e5 $36 {[%mdl 2048] White has some pressure.} Bb8 (17... Ncxe5 $11 {keeps the balance.} 18. Bxe5 Nxe5) 18. Qc1 (18. Rab1 $16) 18... Bc7 $11 19. Qd2 (19. Bg5 $11 Qd7 20. Bh6) 19... Bb8 $16 {[%cal Rc6e5]} 20. Qc1 (20. Rab1 $16) 20... Bc7 $11 21. Qd2 (21. a5 $11) 21... Bb8 $16 {[%cal Rc6e5]} 22. Qc1 {Precision: White = 23%, Black = 76%.} ({White should try} 22. Rab1 $16) 1/2-1/2

[Event "22nd Alekhine Master 2018"]
[Site "Voronezh"]
[Date "2018.06.13"]
[Round "2"]
[White "Popov, Ivan"]
[Black "Shagbazyan, Taron"]
[Result "1-0"]
[WhiteElo "2608"]
[BlackElo "2429"]
[Annotator "TA"]
[PlyCount "49"]
[EventDate "2018.06.21"]
[EventType "swiss"]
[EventCountry "RUS"]
[SourceTitle "playchess.com"]
[Source "ChessBase"]
[SourceQuality "1"]

{[%evp 11,49,64,85,67,72,72,85,76,86,98,116,120,106,115,158,152,181,192,182,120,128,81,234,241,232,254,255,248,248,242,327,238,370,366,341,174,411,430,588,139]} 1. e4 e5 2. Bc4 Nc6 3. Nf3 d6 4. c3 Be6 (4... Qe7 5. O-O g6 6. d4 Bg7 7. h3 Nf6 8. Re1 O-O 9. Nbd2 Bd7 10. Nf1 Rae8 11. Ng3 Kh8 12. b4 h6 {1-0 (51) Bauer,C (2647)-Vorotnikov,V (2476) Zuerich 2017}) 5. Bxe6 fxe6 6. Qb3 {C50: Hungarian Defence and Giuoco Pianissimo} Qc8 {LiveBook: 6 Games} 7. O-O Nf6 8. Re1 {White is better.} h6 9. d4 $146 ({Predecessor:} 9. d3 d5 10. a4 Be7 11. Qd1 Kd7 12. b4 a6 {1-0 (29) Bortnicker,J (812)-Venturas,B (731) LSS email 2013}) 9... g5 10. Na3 Bg7 11. dxe5 dxe5 12. Nc4 Nh5 13. h4 $1 Nf4 14. hxg5 hxg5 {[#]} 15. Nxg5 (15. Ne3 $1 $18) 15... Nd3 $16 16. Re3 Nxc1 $2 (16... Nf4 $16) 17. Rxc1 $18 Bh6 18. Rh3 Ke7 19. f4 exf4 {[#]} 20. Nf3 $1 ({Don't do} 20. Qb5 $6 Qd7) 20... a6 21. Rd1 {Hoping for Nce5.} Kf6 (21... Bg7 $142 22. Rxh8 Bxh8 23. Qa3+ Kf7) 22. e5+ Kf7 23. Qc2 (23. Ncd2 $142) 23... Ne7 $2 (23... Qe8 {was called for.} 24. Ncd2 Rd8) 24. Ncd2 Nf5 25. Nh4 $2 {Precision: White = 66%, Black = 44%.} (25. Ne4 $18 {and the rest is easy.}) 1-0

[Event "22nd Alekhine Master 2018"]
[Site "Voronezh"]
[Date "2018.06.13"]
[Round "2"]
[White "Tiviakov, Sergei"]
[Black "Bryakin, Mikhail"]
[Result "1-0"]
[WhiteElo "2580"]
[BlackElo "2407"]
[Annotator "TA"]
[PlyCount "113"]
[EventDate "2018.06.21"]
[EventType "swiss"]
[EventCountry "RUS"]
[SourceTitle "playchess.com"]
[Source "ChessBase"]
[SourceQuality "1"]

{[%evp 16,113,22,26,29,31,37,22,34,12,22,13,8,10,41,34,48,44,43,46,42,39,35,1,8,8,54,41,33,39,47,55,52,29,169,168,163,163,163,135,110,122,181,168,177,102,283,275,370,364,381,249,375,362,345,308,590,585,646,527,509,502,611,606,764,734,720,706,1759,1829,2049,2014,1668,1661,1431,1315,1569,1520,3096,2096,12837,899,12838,12838,12841,12841,12840,12841,12841,12841,12844,12844,12846,12846,12845,12845,29991,29992,29994,29991]} 1. e4 c6 2. Nc3 d5 3. Nf3 dxe4 4. Nxe4 Nf6 5. Qe2 Nxe4 6. Qxe4 Nd7 {B11: Caro-Kann: Two Knights Variation} (6... Be6 7. b3 Bd5 8. Qe3 e6 9. Bb2 Nd7 10. Be2 Bc5 11. d4 Bxf3 12. Bxf3 Qa5+ 13. c3 Be7 14. O-O {½-½ (60) Ragger,M (2666)-Nisipeanu,L (2682) Graz 2018}) 7. Bc4 Nf6 8. Ne5 e6 9. Qe2 {LiveBook: 22 Games} Qc7 10. d4 Bd6 11. O-O O-O 12. Re1 b6 13. Bg5 $146 ({Predecessor:} 13. Bd3 Re8 14. Bg5 Bxe5 15. dxe5 Nd7 16. Qh5 {1-0 (23) Van Drunen,K-Van Egmond,R Netherlands 1987}) 13... Nd5 14. Bd2 f6 15. Nf3 Bd7 16. Bd3 Nf4 17. Bxf4 $1 Bxf4 18. Rad1 Rae8 19. c4 e5 20. dxe5 {And now Qe4 would win.} Bxe5 {[#]} (20... g6 {seems wilder.} 21. c5 Bxe5 22. Bc4+ Kg7 23. Nxe5 Rxe5 24. Qd2 Rxe1+ 25. Rxe1 Re8) 21. Bxh7+ $1 {[%mdl 512]} Kxh7 22. Qd3+ Kg8 {White must now prevent ...Bg4.} 23. Nxe5 Rxe5 24. Rxe5 fxe5 (24... Qxe5 $11 {and Black has nothing to worry.} 25. Qxd7 Qe2) 25. Qxd7 $18 Qxd7 26. Rxd7 $14 {[%mdl 4096] Endgame KR-KR} Rf4 27. Rxa7 {aiming for b3.} Rxc4 {[%cal Rc4c1]} 28. g3 Kf8 (28... e4 $16 {keeps fighting.}) 29. b3 $18 Rc2 30. Ra4 (30. a4 $18) 30... Ke7 $2 {[#]} (30... b5 $16 31. Ra7 g6) 31. Rg4 $1 Rxa2 32. Rxg7+ Kf6 33. Rg8 e4 (33... Rb2 {might work better.} 34. Rc8 c5) 34. h4 Kf7 35. Rc8 Rc2 $2 (35... c5 36. Rc7+ Kf8 37. Rc8+ Kf7 38. Rc7+ Kf8) 36. g4 Kf6 37. Rf8+ Kg7 38. Rb8 Rc1+ 39. Kg2 Rc2 40. Kg3 Rc3+ 41. Kf4 Rxb3 42. Kxe4 Rb4+ 43. Kf5 Rb5+ 44. Kf4 Rb4+ 45. Kg3 b5 46. h5 Kh6 47. f4 Rb1 48. Rh8+ Kg7 49. Rc8 Rc1 50. g5 {[%cal Bg4g5,Bg5g6][%mdl 32]} b4 51. Rc7+ Kh8 52. Rb7 c5 53. Kg4 Rd1 54. g6 {White threatens h6 and mate.} Rd8 55. f5 {[%cal Bf4f5,Bf5f6][%mdl 32] Intending Kg5 and mate.} c4 56. f6 Kg8 57. Rh7 {Precision: White = 80%, Black = 36%.} 1-0

[Event "22nd Alekhine Master 2018"]
[Site "Voronezh"]
[Date "2018.06.13"]
[Round "2"]
[White "Chigaev, Maksim"]
[Black "Rodin, Dmitrij"]
[Result "1-0"]
[WhiteElo "2577"]
[BlackElo "2402"]
[Annotator "TA"]
[PlyCount "62"]
[EventDate "2018.06.21"]
[EventType "swiss"]
[EventCountry "RUS"]
[SourceTitle "playchess.com"]
[Source "ChessBase"]
[SourceQuality "1"]

{[%evp 19,62,9,22,21,32,31,26,29,27,20,35,35,56,68,70,57,63,39,47,39,45,41,45,46,76,89,181,181,183,187,378,360,406,408,357,406,410,400,368,374,619,612,609,604,941]} 1. e4 e5 2. Bc4 Nf6 3. d3 Nc6 4. Nf3 Bc5 5. O-O a6 6. a4 {C50: Hungarian Defence and Giuoco Pianissimo} O-O 7. c3 h6 8. Re1 d6 9. h3 Ba7 10. Nbd2 {[%cal Bb1d2,Bd2f1,Bf1g3][%mdl 32]} Re8 {LiveBook: 41 Games} 11. b4 {[%cal Bb2b4,Bb4b5][%mdl 32]} Be6 12. Bxe6 Rxe6 13. Qc2 Qd7 14. Nf1 Ree8 15. Ng3 {[#]} a5 $146 ({Predecessor:} 15... Ne7) 16. b5 Ne7 {[%cal Bc6e7,Be7g6,Bg6f4][%mdl 32]} 17. Bb2 Ng6 18. c4 Nh7 19. d4 Ng5 20. Nxg5 hxg5 21. c5 Nf4 22. Rad1 {Hoping for dxe5.} exd4 (22... dxc5 $16 {might work better.} 23. dxc5 (23. dxe5 Qe6 $11) 23... Qe7) 23. Bxd4 $18 Ne6 {[#]} 24. Be3 $1 g6 $2 {[#]} (24... Qc8) 25. e5 $1 {[%cal Be4e5,Be5d6][%mdl 544]} Qc8 (25... dxe5 26. Rxd7) 26. cxd6 cxd6 27. Qxc8 Rexc8 28. b6 Bb8 29. exd6 Rd8 $2 (29... f6 30. Ne4 Kf7) 30. Ne4 Kg7 31. g3 f5 {Precision: White = 92%, Black = 38%.} 1-0

[Event "22nd Alekhine Master 2018"]
[Site "Voronezh"]
[Date "2018.06.13"]
[Round "2"]
[White "Savchenko, Boris"]
[Black "Lazarov, Alexander"]
[Result "1-0"]
[WhiteElo "2565"]
[BlackElo "2389"]
[Annotator "TA"]
[PlyCount "75"]
[EventDate "2018.06.21"]
[EventType "swiss"]
[EventCountry "RUS"]
[SourceTitle "playchess.com"]
[Source "ChessBase"]
[SourceQuality "1"]

{[%evp 12,75,74,68,75,72,100,89,120,98,82,107,98,85,114,86,96,83,90,81,105,107,122,105,117,126,138,130,212,134,331,277,352,145,334,304,291,195,342,174,166,177,166,196,241,233,258,218,402,404,370,362,408,412,487,475,480,462,580,604,596,595,588,588,580,580]} 1. e4 g6 2. d4 Bg7 3. Nf3 d6 4. c4 Bg4 5. Be2 c5 (5... Nc6 6. Nbd2 Nf6 7. d5 Nb8 8. O-O O-O 9. Re1 c6 10. Bf1 Na6 11. h3 Bd7 12. Nb3 Rc8 13. Bg5 h6 14. Bd2 cxd5 15. exd5 {0-1 (38) Le,Q (2737)-Artemiev,V (2691) Huaian 2017}) 6. d5 {A41: Moderne Verteidigung gegen 1.d4 (mit oder ohne späterem e2-e4 und Sf6)} Bxf3 7. Bxf3 {LiveBook: 3 Partien} Qa5+ 8. Bd2 {Weiß steht besser.} Qa6 9. Nc3 Bh6 $146 ({Vorgänger:} 9... Qxc4 10. Be2 Qb4 11. Nb5 Qxe4 12. Nc7+ Kd8 13. Nxa8 Qxg2 {1-0 (44) Dziuba,M (2550)-Janik,I (2422) Lublin 2017}) 10. Nb5 Bxd2+ 11. Qxd2 Qb6 12. Qc3 f6 13. Qd2 Nd7 14. O-O $36 {[%mdl 2048] Weiss hat starke Initiative.} a6 15. Nc3 Ne5 16. Be2 $1 g5 17. Rab1 Qb4 18. Qc2 Qa5 19. a3 Qc7 (19... Nh6 $16) 20. b4 b6 $2 (20... Nh6 $16 21. bxc5 dxc5) 21. bxc5 bxc5 22. Rb3 (22. Bh5+ $18 {ist viel giftiger.} Ng6 23. f4 gxf4 24. Ne2) 22... Rb8 $2 (22... h5 $16 23. Rfb1 Kf7) 23. Rxb8+ Qxb8 24. Rb1 Qa7 (24... Qc8 $142 25. f4 gxf4 26. Bh5+ Kf8) 25. Qb3 (25. Bh5+ $142 Kf8 26. f4 $1 {[%mdl 512]}) 25... Kf7 $18 {[#]} 26. Qb8 $1 {[%cal Rb8a7]} Qxb8 27. Rxb8 h5 28. Ra8 g4 29. a4 {[%cal Ba3a4,Ba4a5,Ba5a6,Ba6a7][%mdl 32]} ({Finger weg von} 29. Rxa6 $6 Nh6 $16) 29... Kg7 $2 (29... f5 30. exf5 Kf6) 30. Rxa6 Nh6 31. Ra7 Rb8 32. Nb5 Kf8 33. a5 {Weiß steht klar auf Gewinn.} f5 34. a6 fxe4 35. Rc7 Nf5 36. a7 Ra8 37. Rb7 Kf7 38. Rb8 {Precision: Weiß = 52%, Schwarz = 28%.} 1-0

[Event "22nd Alekhine Master 2018"]
[Site "Voronezh"]
[Date "2018.06.13"]
[Round "2"]
[White "Belous, Vladimir"]
[Black "Salemgareev, Tagir"]
[Result "1/2-1/2"]
[WhiteElo "2555"]
[BlackElo "2387"]
[Annotator "TA"]
[PlyCount "147"]
[EventDate "2018.06.21"]
[EventType "swiss"]
[EventCountry "RUS"]
[SourceTitle "playchess.com"]
[Source "ChessBase"]
[SourceQuality "1"]

{[%evp 13,147,16,34,0,8,-22,-6,-26,-32,-31,-19,-9,4,-16,-9,-60,35,34,34,34,21,27,31,11,9,0,4,11,45,34,43,39,35,31,38,49,56,71,47,50,96,97,87,45,44,0,0,0,4,0,0,0,0,0,0,0,0,0,0,0,0,0,0,0,0,0,0,0,0,0,0,0,0,0,0,0,0,0,0,0,0,0,0,0,0,0,0,0,0,0,0,0,0,0,0,0,0,0,0,0,0,0,0,0,211,226,496,496,496,496,479,192,204,0,0,0,0,0,0,0,0,0,0,0,0,0,0,-8,0,0,0,0,0,0,0,0]} 1. e4 c5 2. Nc3 Nc6 3. Bb5 Nd4 4. Nf3 e6 5. O-O a6 6. Bd3 Nxf3+ 7. Qxf3 Qc7 {LiveBook: 21 Games. B30: Sicilian: 2...Nc6 3 Bb5, lines without ...g6} (7... Bd6 8. Be2 Qc7 9. Qh3 Ne7 10. d3 Ng6 11. g3 h5 12. f4 h4 13. Qg2 hxg3 14. hxg3 Be7 15. Be3 {1-0 (50) Alekseenko,K (2590)-Krasenkow,M (2671) Stockholm 2018}) 8. a4 Bd6 9. g3 Ne7 10. Qh5 $146 ({Predecessor:} 10. b3 O-O 11. Bb2 Be5 12. Qh5 f6 13. Nd1 Bxb2 14. Nxb2 b6 15. Nc4 {½-½ (49) Muzychuk,M (2440)-Madl,I (2385) Slovenia 2010}) 10... b6 11. b3 Be5 12. Bb2 {Threatens to win with Nb5.} Bd4 13. Rae1 Bb7 14. e5 ({Better is} 14. Qe2 $11) 14... Ng6 (14... Qc6 15. Be4 $18) (14... Nc6 $15 15. Ne4 Bxe5) 15. Nd1 $1 $14 ({Reject} 15. Be4 Bxe4 16. Rxe4 Nxe5 $17) 15... Bxb2 16. Nxb2 O-O 17. Nc4 f5 {...Qc6 is the strong threat.} 18. exf6 Rxf6 19. Ne5 (19. a5 {looks sharper.} b5 20. Nb6 Raf8 21. f4 d6 22. Qh3) 19... Nxe5 20. Rxe5 Rh6 21. Qe2 Rf6 22. f4 Qd6 23. Qe3 Rc8 24. f5 exf5 25. Rexf5 Rxf5 26. Rxf5 h6 27. Bc4+ Kh8 28. Qf4 Qxf4 29. gxf4 {[%mdl 4096] Endgame KRB-KRB} Be4 30. Rf7 b5 31. axb5 axb5 32. Bxb5 Bxc2 33. Bxd7 Rb8 34. Bg4 Bxb3 35. Rc7 Rb4 36. Bf5 Kg8 37. Bg6 {[%cal Rc7c8]} Rxf4 38. Rc8+ Rf8 39. Rxc5 Bf7 40. Be4 Rd8 41. d3 Kf8 42. Kf2 Rd6 43. Ke3 Bg6 44. Bd5 Ke7 45. Bc4 Kf6 46. d4 Bf5 47. Rc7 Be6 48. Kd3 g5 49. Bxe6 Rxe6 $11 {KR-KR} 50. d5 Re7 51. Rc6+ Ke5 52. Kc4 h5 53. Kc5 h4 54. Rc8 {And now d6 would win.} g4 55. d6 Rg7 56. Rc7 Rg8 57. Re7+ $1 Kf4 58. Rh7 Kg5 $2 (58... g3 $11 {and Black has nothing to worry.} 59. Rxh4+ Ke5 60. Rh5+ Ke6 61. Rh6+ Kd7 62. Rh7+ Kc8 63. Rc7+ Kd8) 59. d7 $18 g3 $2 {[#]} (59... Kf6 {was necessary.} 60. Kd6 (60. Rxh4 Ke7 $16) 60... g3 61. hxg3 hxg3) 60. Rg7+ $1 {[%mdl 512]} Rxg7 61. d8=Q+ {KQ-KR} Kg4 62. Qd4+ (62. Qc8+ $142 Kg5 63. Qh3) 62... Kh3 {[#]} 63. Qxg7 $2 (63. hxg3 $1 $18 Rg5+ 64. Kd6 hxg3 65. Qe3) 63... g2 $1 $11 {The position is equal.} 64. Qc3+ (64. Qd4 $5 {[%cal Rd4g1]} g1=Q 65. Qxg1 $11) 64... Kxh2 65. Qe5+ Kh1 66. Qe4 h3 67. Kd4 {aiming for Qd5.} Kh2 68. Qf4+ Kh1 69. Qf3 Kh2 70. Qf2 {Black must now prevent Qe2.} Kh1 71. Qf3 Kh2 72. Qf4+ Kh1 73. Qe4 Kh2 74. Qe5+ {Precision: White = 66%, Black = 65%.} 1/2-1/2

[Event "22nd Alekhine Master 2018"]
[Site "Voronezh"]
[Date "2018.06.13"]
[Round "2"]
[White "Iljiushenok, Ilia"]
[Black "Provotorov, Ivan"]
[Result "1-0"]
[WhiteElo "2530"]
[BlackElo "2378"]
[Annotator "TA"]
[PlyCount "101"]
[EventDate "2018.06.21"]
[EventType "swiss"]
[EventCountry "RUS"]
[SourceTitle "playchess.com"]
[Source "ChessBase"]
[SourceQuality "1"]

{[%evp 20,101,3,0,8,12,10,0,-5,-18,-11,-32,4,8,14,14,10,14,37,26,39,30,49,47,48,35,37,40,38,48,54,52,68,51,41,44,44,42,37,11,16,0,25,12,25,0,27,27,39,39,68,68,74,76,76,37,156,156,156,156,224,0,232,232,232,232,232,230,336,362,336,318,29961,29963,29958,29958,29982,378,29983,29984,29986,29984,29984,29985]} 1. e4 {[%cal Be2e4,Be4e5][%mdl 32]} e5 2. Nf3 Nc6 3. d4 exd4 4. Nxd4 Nf6 5. Nxc6 bxc6 6. e5 Qe7 7. Qe2 Nd5 8. h4 d6 {C45: Scotch Game} (8... Bb7 9. c4 Nb6 10. Rh3 Qe6 11. f4 O-O-O 12. a4 d5 13. a5 Nxc4 14. b3 Bb4+ 15. Kf2 Nxa5 16. Bd2 {½-½ (73) Nakamura,H (2781)-Carlsen,M (2837) London 2017}) 9. c4 Nb6 10. exd6 cxd6 11. Nc3 {LiveBook: 3 Games} Bg4 12. Qxe7+ Bxe7 13. Be3 $146 ({Predecessor:} 13. Bg5 O-O-O 14. Bxe7 Rhe8 15. f3 Rxe7+ 16. Kf2 {½-½ (61) Domont,A (2315)-Preissmann,E (2310) Arosa 1990}) 13... O-O 14. Rc1 Bf6 15. b3 d5 (15... Rfe8 $5 {[%cal Rd6d5]} 16. Be2 Bxe2 17. Nxe2 d5 18. cxd5 Nxd5 $15) 16. cxd5 Nxd5 17. Nxd5 cxd5 18. f3 Bf5 19. g4 Bb2 {White must now prevent ...Rfe8.} 20. Rd1 Rfe8 {Strongly threatening ...Bc2.} 21. Kf2 d4 22. Bf4 Be6 23. Ba6 Bd5 24. Rhe1 Re6 25. Rxe6 Bxe6 26. Bc1 Bc3 27. Bd2 h5 28. gxh5 Bf5 29. Bf4 Rd8 30. Bd3 Rd5 31. h6 g6 32. Bc4 Ra5 33. a4 Bc2 34. Rc1 d3 35. Bxd3 $1 Bd4+ 36. Ke2 Bxb3 37. Rc7 (37. Rb1 $5 {[%cal Rb1b3]} Ba2 38. Rb8+ Kh7 39. Bb5 $16) 37... Rxa4 {[#]} ({Black should play} 37... Bxa4 $14 38. h5 Bb5) 38. h5 $1 $16 {[%mdl 512]} Ra2+ {[#]} (38... gxh5 39. Rc8#) 39. Bd2 $1 Be5 (39... Bb6 $16 {was worth a try.} 40. Rc8+ Kh7) 40. Rc8+ $18 Kh7 {[#] Threatens to win with ...Bf4.} 41. Rc6 $1 Rxd2+ 42. Kxd2 Kxh6 43. hxg6 fxg6 (43... Kg7 $142 44. gxf7 Bxf7) 44. Rxg6+ {[%mdl 4096] Endgame KRB-KB} Kh5 45. Ke3 a5 $2 (45... Bf7 $18) 46. f4 Bc3 47. Rc6 Bb4 48. Be2+ Kh4 49. Kf2 {[%cal Rc6h6] White mates.} Bf8 50. Rf6 Bc5+ 51. Kg2 {Precision: White = 71%, Black = 43%.} 1-0

[Event "22nd Alekhine Master 2018"]
[Site "Voronezh"]
[Date "2018.06.13"]
[Round "2"]
[White "Shinkevich, Vitaly"]
[Black "Ponkratov, Pavel"]
[Result "1/2-1/2"]
[WhiteElo "2429"]
[BlackElo "2622"]
[Annotator "TA"]
[PlyCount "71"]
[EventDate "2018.06.21"]
[EventType "swiss"]
[EventCountry "RUS"]
[SourceTitle "playchess.com"]
[Source "ChessBase"]
[SourceQuality "1"]

{[%evp 22,71,10,0,13,0,0,0,0,0,0,0,15,-11,8,16,10,23,27,25,48,37,34,13,15,15,38,45,16,14,10,0,0,0,0,0,0,0,0,0,0,0,7,6,49,0,0,0,48,0,0,0]} 1. d4 Nf6 2. c4 g6 3. Nf3 Bg7 4. g3 O-O 5. Bg2 d5 6. cxd5 Nxd5 7. O-O Nb6 8. Nc3 Nc6 9. e3 Re8 10. d5 Na5 11. Nd4 Bd7 12. e4 c5 {D76: Fianchetto Grünfeld: Main Line with 7...Nb6} 13. Nb3 Na4 14. Nxa4 $146 ({Predecessor:} 14. Qc2 Nxc3 15. bxc3 Bb5 16. Re1 Ba4 17. Qb2 Nc4 18. Qc2 e6 19. Bf4 Na5 20. Qb2 {½-½ (54) Liu,Q (2435)-Zhou,J (2660) Tianjin 2011}) 14... Bxa4 15. Qf3 Qb6 {[%cal Ra4b3]} 16. Nxa5 Qxa5 17. Bf4 e6 (17... Bxb2 $5 18. Rab1 $8 Bd4 $15) 18. d6 e5 19. Bg5 f6 20. Be3 ({Of course not} 20. Bxf6 Rf8 $15) 20... Rad8 21. b3 Bc6 22. Rfd1 Re6 $1 23. Qe2 {[#] Strongly threatening Qc4.} Rexd6 24. Rxd6 Rxd6 25. Qc4+ Kh8 26. Qxc5 Qd8 27. h4 a6 28. Kh2 h5 29. a4 Bf8 30. Qc4 Kg7 31. Rc1 Be7 32. Bh3 Bf8 33. Bg2 Be7 34. Bh3 Bf8 35. Bg2 Be7 36. Bh3 {Precision: White = 63%, Black = 75%.} 1/2-1/2

[Event "22nd Alekhine Master 2018"]
[Site "Voronezh"]
[Date "2018.06.13"]
[Round "2"]
[White "Looshnikov, Nikolai"]
[Black "Kokarev, Dmitry"]
[Result "*"]
[WhiteElo "2424"]
[BlackElo "2603"]
[Annotator "TA"]
[PlyCount "40"]
[EventDate "2018.06.21"]
[EventType "swiss"]
[EventCountry "RUS"]
[SourceTitle "playchess.com"]
[Source "ChessBase"]
[SourceQuality "1"]

{[%evp 26,40,2,4,10,12,10,0,8,8,8,3,5,5,18,7,14]} 1. e4 {[%cal Be2e4,Be4e5][%mdl 32]} c5 2. c3 Nf6 {[%cal Bg8f6,Bf6d5,Bd5b4][%mdl 32]} 3. e5 Nd5 4. d4 cxd4 5. Nf3 Nc6 6. cxd4 d6 7. Bc4 dxe5 8. dxe5 Ndb4 9. Qb3 e6 {B22: Sicilian: 2 c3} 10. O-O Na5 11. Bb5+ Bd7 12. Qa4 Bxb5 13. Qxb5+ Nac6 14. Nc3 {LiveBook: 33 Games. The position is equal.} a6 15. Qc4 {Black should prevent Rd1.} Qd3 16. Qg4 Qg6 17. Qxg6 hxg6 18. Rd1 $146 Be7 19. a3 Nc2 20. Ra2 {[#] Black must now prevent b3.} Rd8 *

[Event "22nd Alekhine Master 2018"]
[Site "Voronezh"]
[Date "2018.06.13"]
[Round "2"]
[White "Cherniaev, Alexander"]
[Black "Timofeev, Artyom"]
[Result "1/2-1/2"]
[WhiteElo "2417"]
[BlackElo "2583"]
[Annotator "TA"]
[PlyCount "64"]
[EventDate "2018.06.21"]
[EventType "swiss"]
[EventCountry "RUS"]
[SourceTitle "playchess.com"]
[Source "ChessBase"]
[SourceQuality "1"]

{[%evp 9,64,0,0,0,0,0,0,0,0,-3,0,-10,8,0,-5,-14,0,-18,-4,-18,-9,-22,-12,-15,0,0,0,0,0,0,0,0,0,0,0,-16,0,0,0,0,0,-21,0,0,0,0,0,0,6,0,0,0,7,0,0,0,0]} 1. e4 {[%cal Be2e4,Be4e5][%mdl 32]} d6 2. Nc3 c5 3. f4 g6 4. d4 cxd4 5. Qxd4 Nf6 {Die Stellung ist ausgeglichen.} 6. e5 {B23: Sizilianisch (Geschlossenes System)} Nc6 7. Bb5 Nd7 8. Bxc6 bxc6 9. exd6 Nf6 10. Nf3 Qxd6 (10... exd6 {seems wilder.} 11. O-O Bg7 12. Rd1 O-O 13. Qxd6 Qb6+) 11. Qxd6 exd6 12. O-O {[%cal Bh1f1,Bf1e1,Be1e4][%mdl 32]} Be6 13. b3 Bg7 14. Bb2 O-O 15. Rad1 Rfd8 16. Rfe1 Bg4 17. Ne4 Nxe4 18. Bxg7 Kxg7 19. Rxe4 Bxf3 20. gxf3 $11 {[%mdl 4096] Endspiel KTT-KTT} Kf6 21. Kf2 d5 22. Re5 (22. Red4 {is more complex.} Rab8 23. c4 Rb4 24. R4d3 Ke6 25. Re3+) 22... Re8 23. Rxe8 Rxe8 {KT-KT} 24. Rd4 Kf5 25. c4 Re7 (25... Rd8 {is interesting.} 26. Kg3 Rd7 27. Kf2 Ke6 28. Ke3 Rd6) 26. cxd5 cxd5 27. Rxd5+ Kxf4 28. Rd4+ Kf5 29. Rd5+ Kf4 30. Rd4+ Kf5 31. Rd5+ Kf4 32. Rd4+ Ke5 {Precision: Weiß = 47%, Schwarz = 42%.} 1/2-1/2

[Event "22nd Alekhine Master 2018"]
[Site "Voronezh"]
[Date "2018.06.13"]
[Round "2"]
[White "Palachev, Petr"]
[Black "Volkov, Sergey"]
[Result "1/2-1/2"]
[WhiteElo "2405"]
[BlackElo "2580"]
[Annotator "TA"]
[PlyCount "127"]
[EventDate "2018.06.21"]
[EventType "swiss"]
[EventCountry "RUS"]
[SourceTitle "playchess.com"]
[Source "ChessBase"]
[SourceQuality "1"]

{[%evp 20,127,0,6,52,22,61,68,71,69,54,47,96,108,142,27,30,29,37,28,31,16,26,9,13,15,36,9,1,5,5,0,0,0,0,-25,0,-52,-56,-30,-36,-42,0,0,0,0,0,0,0,0,0,0,0,0,0,0,0,0,0,0,0,0,0,0,0,0,0,0,0,0,0,0,0,0,0,0,0,0,0,0,0,0,0,0,0,0,0,0,0,0,0,0,0,0,0,0,0,0,0,0,0,0,0,0,0,0,0,0,0,0]} 1. Nf3 d5 2. e3 c5 3. d4 Nf6 4. c4 cxd4 5. exd4 e6 6. Nc3 Be7 7. cxd5 Nxd5 8. Bd3 Nc6 9. O-O O-O 10. a3 Bf6 11. Re1 {LiveBook: 53 Games} Nde7 {D42: Queen's Gambit Declined: Semi-Tarrasch: 5 cxd5 Nxd5 6 e3 Nc6 7 Bd3} (11... Nxc3 12. bxc3 b6 13. h4 Bb7 14. Ng5 g6 15. Qg4 h5 16. Qf4 Bxg5 17. hxg5 e5 18. Qg3 exd4 19. Bb2 Qd5 20. c4 {½-½ (31) Parligras,M (2616)-Kryvoruchko,Y (2692) Heraklio 2017}) 12. Be3 g6 {[%cal Rc6d4]} 13. Be4 Bg7 {White is slightly better.} 14. Rc1 $146 ({Predecessor:} 14. Qd2 Nd5 15. Bh6 Nxc3 16. bxc3 Bd7 17. Rab1 b6 18. h4 Rc8 19. h5 {½-½ (41) Gerbelli Neto,E (2161)-Poeta,C (1955) Sao Paulo 2013}) 14... Bd7 15. b4 Rc8 16. Qd2 Be8 {[#]} 17. Red1 (17. d5 $1 $16) 17... Nd5 $11 18. Nxd5 exd5 19. Bb1 Ne7 20. Bh6 Bb5 21. Bxg7 Kxg7 22. Rc5 Bc4 23. Ne5 b6 24. Rxc8 Nxc8 25. Rc1 Nd6 26. Bd3 b5 27. Re1 Re8 28. g3 (28. Bc2 $11) 28... f6 $15 29. Nf3 Bxd3 30. Qxd3 Re4 31. Rc1 {The position is equal.} Nc4 32. Nd2 Re7 33. Nb3 Qe8 34. Nc5 Re2 35. Qf3 Nd2 36. Qd3 g5 37. h3 h5 38. Rd1 Re1+ 39. Rxe1 Qxe1+ 40. Kg2 Ne4 41. Nxe4 Qxe4+ 42. Qxe4 dxe4 $11 {[%mdl 4096] Endgame KP-KP} 43. f3 f5 $1 {[%cal Bf6f5,Bf5e4][%mdl 32] [#] Threatens to win with ...Kf7.} 44. fxe4 fxe4 45. Kf2 Kf6 46. Ke3 Kf5 47. g4+ hxg4 48. hxg4+ Kxg4 49. Kxe4 {Black must now prevent d5. K3P-K3P} Kh5 $1 50. Kf5 {d5 is the strong threat.} g4 {Strongly threatening ...g3.} 51. d5 {d6 would kill now.} g3 {And now ...g2 would win.} 52. d6 {Threatening mate with d7.} g2 53. d7 g1=Q {( -> ...Qg4+)} 54. d8=Q {[%cal Rd8h8] KQ-KQ} Qf2+ (54... Qg4+ {is more complex.} 55. Ke5 Qg3+ 56. Ke6 Qh3+ 57. Kd6 Qxa3 58. Qh8+ Kg4) 55. Ke6 Qe3+ 56. Kd6 Qxa3 57. Qe8+ Kg4 58. Qxb5 a6 59. Qc4+ Kf3 60. Kc6 Ke3 61. Kb6 Kd2 62. Qc5 Qd3 63. Kb7 Kd1 64. Kb6 {Precision: White = 74%, Black = 80%.} 1/2-1/2